000 00949cam a22003011 4500
001 10488
003 BD-RjUL
005 20211208234950.0
008 140123s1963 enka b 000 0 eng
035 _a(BD-RjUL)10536
035 _a(OCoLC)3348158
040 _aDLC
_cTNJ
_dOCoLC
_dUk
_dDLC
_dBD-RjUL
_beng
041 _aeng
082 _a547
_bCRO
100 1 _aCritchfield, F. E.
_932391
245 1 0 _aOrganic functional group analysis.
_nVolume 8
260 _aOxford ;
_aNew York :
_bPergamon Press,
_c1963.
300 _a187 p. :
_billus. ;
_c23 cm.
490 1 _aInternational series of monographs on analytical chemistry,
_vv. 8
504 _aIncludes bibliography.
650 0 _aChemistry, Analytic.
_932392
650 0 _aChemistry, Organic.
_932393
830 0 _vv. 8.
_932406
830 0 _aInternational series of monographs in analytical chemistry ;
_929653
942 _2ddc
_cBK
999 _c10488
_d10488